| 000 | 00733cam a2200205 4500 | ||
|---|---|---|---|
| 001 | WB3641-03 | ||
| 008 | 000000n2000 000 0 eng u | ||
| 035 | _a(Sirsi) u108827 | ||
| 245 | _aShopping mall reits | ||
| 260 | _c2000 | ||
| 490 |
_aFinancial Times _v 13 October 2000, 35(1) |
||
| 520 | _aReviews the problems besetting both UK and US retailers and the effects these problems are having on the shares of retail property companies and even worse on retail real estate investment trusts. Graph. | ||
| 590 | _aWB | ||
| 650 | _aRETAILERS | ||
| 650 | _aRETAIL PROPERTY | ||
| 650 | _aREITS | ||
| 650 | _aPROPERTY SHARES | ||
| 690 | _aPROPERTY-COMMERCIAL PROPERTY-COMMERCIAL PROPERTY FINANCE AND INVESTMENT | ||
| 942 | _n0 | ||
| 999 |
_c64974 _d64974 |
||